Normal view MARC view
  • Ryoichi Seki, Ubirajara Van kolck, Martin J Savage

Entry Personal Name

Number of records used in: 1

001 - CONTROL NUMBER

  • control field: 20570

003 - CONTROL NUMBER IDENTIFIER

  • control field: NUST

005 - DATE AND TIME OF LATEST TRANSACTION

  • control field: 20190913055348.0

008 - FIXED-LENGTH DATA ELEMENTS

  • fixed length control field: 190913|| aca||aabn | a|a d

040 ## - CATALOGING SOURCE

  • Original cataloging agency: NUST
  • Transcribing agency: NUST

100 ## - HEADING--PERSONAL NAME

  • Personal name: Ryoichi Seki, Ubirajara Van kolck, Martin J Savage

670 ## - SOURCE DATA FOUND

  • Source citation: Work cat.: (NUST): Ryoichi Seki, Ubirajara Van kolck, Martin J Savage , Proceedings of the Joint Caltech/INT Workshop Nuclear Physics with Effective Field Theory , 1998
© 2023 Central Library, National University of Sciences and Technology. All Rights Reserved.